000 00433nam a2200181Ia 4500
005 20250423095855.0
008 250422s9999 xx 000 0 und d
020 _a978-0-07-463538-4 / 0-07-463538-7
050 _aTC 805 .B37/
100 _aBasak, N. N.
245 0 _aIrrigation engineering
260 _aNew Delhi
260 _bTata McGraw-Hill
260 _c1999
300 _a329 p
650 _aEngineering
942 _cBK
999 _c31591
_d31591